Statistics for LGBT FLAGS pt. 1 (sexuality)

Click here to take the quiz!

General Stats

  • This quiz has been taken 399 times
  • The average score is 10 of 16

Answer Stats

Answer% Correct
bisexual
95%
gay
95%
pansexual
95%
lesbian
93%
LGBT
93%
asexual
90%
aromantic
64%
demisexual
60%
polysexual
59%
omnisexual
51%
demiromantic
40%
sapphic
33%
achillean
25%
graysexual
24%
greyromantic
20%
polyamorous
20%

Score Distribution

Percentile by Number Answered

Percent of People with Each Score

Your Score History

You have not taken this quiz